| 000 | 00339nam a2200133 a 4500 | ||
|---|---|---|---|
| 001 | 5366 | ||
| 003 | CDMR | ||
| 005 | 20130116135307.0 | ||
| 008 | 130130s2011||||||||||||||||||||||||||||d | ||
| 040 |
_aCDMR _bcat _cCPC GIRONA |
||
| 245 | 0 |
_aOficina de Comunicació _bDiputació de Girona 2008-2011 |
|
| 260 |
_c2011 _bDiputació Girona |
||
| 942 | _cMON | ||
| 999 |
_c5366 _d5366 |
||